| 000 | 00000nam 2200000zi 4500 |
| 001 | 9.943111 |
| 003 | CaOODSP |
| 005 | 20241104143522 |
| 006 | m o d f |
| 007 | cr |n||||||||| |
| 008 | 240911t19771977onc ob f000 0 fre d |
| 020 | |z0660008920 |
| 040 | |aCaOODSP|bfre|erda|cCaOODSP |
| 043 | |an-cn--- |
| 086 | 1 |aZ1-1975/1-41-33F-PDF|zZ1-1975/1-41-33F |
| 100 | 1 |aWhite, Terrence H., |d1943- |eauteur. |
| 245 | 10|aL'envergure des compagnies et ses effets sur les relations de travail : |bune recherche scientifique / |cTerrence H. White. |
| 264 | 1|a[Ottawa] : |bApprovisionnements et services Canada, |cavril 1977. |
| 264 | 4|c©1977 |
| 300 | |a1 ressource en ligne (vii, 42 pages) : |bgraphiques. |
| 336 | |atexte|btxt|2rdacontent/fre |
| 337 | |ainformatique|bc|2rdamedia/fre |
| 338 | |aressource en ligne|bcr|2rdacarrier/fre |
| 490 | 1 |aÉtude - Commission royale d'enquête sur les groupements de sociétés ; |vno. 33 |
| 500 | |aPublié aussi en anglais sous le titre : Organization size as a factor influencing labour relations : a background report. |
| 500 | |aÉdition numérisée de l'imprimée [par Direction des publications du Gouvernement du Canada]. |
| 504 | |aComprend des références bibliographiques (pages 39-42). |
| 650 | 6|aEntreprises|xDimension|zCanada. |
| 650 | 6|aRelations industrielles|zCanada. |
| 710 | 1 |aCanada. |bCommission royale d'enquête sur les groupements de sociétés, |eorganisme de publication. |
| 775 | 08|tOrganization size as a factor influencing labour relations : |w(CaOODSP)9.894647 |
| 830 | #0|aÉtude / Commission royale d'enquête sur les groupements de sociétés ;|vno. 33. |w(CaOODSP)9.942876 |
| 856 | 40|qPDF|s3248 Ko|uhttps://publications.gc.ca/collections/collection_2024/bcp-pco/Z1-1975-1-41-33-fra.pdf |